[Event "GCT Bucharest (blitz) 2019"]
[Site "Bucharest ROU"]
[Date "2019.11.10"]
[Round "12"]
[White "Karjakin, Sergey"]
[Black "Giri, Anish"]
[Result "1/2-1/2"]
[WhiteElo "2754"]
[BlackElo "2776"]
[PlyCount "134"]
[EventDate "2019.11.09"]

1. d4 d5 2. Nf3 Nf6 3. e3 Bf5 4. c4 c6 5. Nc3 e6 6. Nh4 Be4 7. f3 Bg6 8. Qb3
Qc7 9. Bd2 Be7 10. cxd5 cxd5 11. Bb5+ Nc6 12. O-O O-O 13. Nxg6 hxg6 14. Rfc1
Bd6 15. h3 Qe7 16. Ne2 Nd8 17. Be1 a6 18. Bd3 Nc6 19. Bh4 Rfc8 20. Qd1 e5 21.
a3 Qe6 22. Qd2 Re8 23. Rf1 e4 24. Bc2 exf3 25. Rxf3 Ne4 26. Bxe4 Qxe4 27. Bg3
Bxg3 28. Nxg3 Qe6 29. Raf1 Re7 30. Ne2 Rae8 31. Nf4 Qd6 32. Qc3 g5 33. Ne2 Nb8
34. Qb3 Nd7 35. Ng3 g6 36. e4 Rf8 37. e5 Qe6 38. Rc3 f6 39. exf6 Rxf6 40. Qxb7
Rxf1+ 41. Nxf1 Nf6 42. Qc8+ Qxc8 43. Rxc8+ Kf7 44. Rc6 Re2 45. b4 Ne4 46. g4
Ra2 47. Ne3 Ra1+ 48. Kg2 Ra2+ 49. Kf1 Rxa3 50. Nxd5 Rxh3 51. Rxa6 Rd3 52. b5
Rxd4 53. Ra7+ Ke6 54. Nc7+ Ke5 55. b6 Rb4 56. Ra5+ Kd6 57. Rb5 Rxb5 58. Nxb5+
Kc6 59. Nd4+ Kxb6 60. Ne6 Kc6 61. Nf8 Nf6 62. Nxg6 Kd6 63. Kg2 Ke6 64. Kh3 Nd5
65. Kg3 Nf6 66. Nf4+ gxf4+ 67. Kxf4 Nxg4 1/2-1/2

[Event "GCT Bucharest (blitz) 2019"]
[Site "Bucharest ROU"]
[Date "2019.11.10"]
[Round "12"]
[White "Artemiev, Vladislav"]
[Black "Mamedyarov, Shakhriyar"]
[Result "1/2-1/2"]
[WhiteElo "2731"]
[BlackElo "2772"]
[PlyCount "163"]
[EventDate "2019.11.09"]

1. c4 Nf6 2. Nc3 e5 3. g3 Bb4 4. Bg2 O-O 5. Nf3 Nc6 6. O-O Re8 7. Ne1 d6 8. Nc2
a5 9. d3 Bc5 10. Rb1 h6 11. a3 Nd4 12. b4 Ba7 13. bxa5 c6 14. a6 bxa6 15. Nb4
Bd7 16. h3 Qc8 17. Kh2 a5 18. Nc2 Ne6 19. Be3 Ng5 20. Bxg5 hxg5 21. Qd2 g4 22.
h4 Be6 23. Ne3 Qd7 24. Na4 Qc7 25. c5 dxc5 26. Nc4 e4 27. Rfc1 exd3 28. exd3
Bd5 29. Re1 Red8 30. Qc3 Bf3 31. Qe5 Qxe5 32. Nxe5 c4 33. dxc4 Bxf2 34. Rf1 Rd2
35. Nxf3 gxf3 36. Bxf3 Re8 37. Rb2 Rxb2 38. Nxb2 Bc5 39. Nd3 Bxa3 40. Bxc6 Re3
41. Nf4 Bd6 42. Ra1 Bc7 43. Kg2 Rc3 44. Bb5 Ne4 45. Nd5 Rxg3+ 46. Kf1 Be5 47.
Rxa5 Bd4 48. Ke2 Rh3 49. Bd7 Rxh4 50. Ra8+ Kh7 51. Bf5+ g6 52. Bxe4 Rxe4+ 53.
Kf3 Re1 54. Rc8 Re5 55. Nf6+ Kg7 56. Ne4 Rf5+ 57. Ke2 Re5 58. Kd3 Bg1 59. Rc7
g5 60. Nd6 Re3+ 61. Kd2 Re6 62. Nxf7 Kg6 63. Nxg5 Be3+ 64. Kd3 Bxg5 65. c5 Bf4
66. Rd7 Re1 67. Kc4 Rc1+ 68. Kd5 Kf6 69. Rh7 Rd1+ 70. Kc6 Ke6 71. Rh4 Be5 72.
Rh6+ Bf6 73. Kc7 Ke7 74. Rh7+ Ke6 75. Rh6 Rd7+ 76. Kb6 Rf7 77. c6 Kd5 78. c7
Bd4+ 79. Kb7 Be5 80. Rc6 Re7 81. Rc1 Rxc7+ 82. Rxc7 1/2-1/2

[Event "GCT Bucharest (blitz) 2019"]
[Site "Bucharest ROU"]
[Date "2019.11.10"]
[Round "13"]
[White "Caruana, Fabiano"]
[Black "Giri, Anish"]
[Result "1/2-1/2"]
[WhiteElo "2822"]
[BlackElo "2776"]
[PlyCount "121"]
[EventDate "2019.11.09"]

1. e4 c5 2. Nc3 d6 3. Nge2 Nf6 4. g3 g6 5. Bg2 Bg7 6. d3 Nc6 7. O-O O-O 8. h3
Rb8 9. a3 b5 10. Rb1 a5 11. a4 bxa4 12. Nxa4 Bd7 13. Be3 Nd4 14. Nac3 Ne8 15.
Bg5 h6 16. Bd2 Nc6 17. f4 e6 18. f5 Ne5 19. g4 Kh7 20. Nf4 Bf6 21. Nce2 Ng7 22.
b3 a4 23. bxa4 Rxb1 24. Qxb1 Bxa4 25. c3 Bc6 26. d4 Nc4 27. fxg6+ fxg6 28. e5
Bxg2 29. Qxg6+ Kh8 30. Nxe6 Nxe6 31. Rxf6 Rxf6 32. exf6 Nxd2 33. Qxh6+ Kg8 34.
Qg6+ Kf8 35. Qh6+ Kf7 36. Qxd2 Bf3 37. d5 Nf8 38. Ng3 Qxf6 39. Nf5 Be4 40. Ng3
Bg6 41. Qe3 Nh7 42. h4 Qxh4 43. Qe6+ Kg7 44. Qd7+ Kh6 45. Qxd6 Qxg4 46. Kf2 c4
47. Qe5 Qh4 48. d6 Nf6 49. Kf3 Qg4+ 50. Kf2 Qh4 51. Kf3 Bd3 52. Qf4+ Qg5 53.
Qe3 Kg6 54. Qxg5+ Kxg5 55. Ke3 Kg4 56. Nh1 Kf5 57. Nf2 Bf1 58. Kd4 Ke6 59. Nd1
Ng4 60. d7 Kxd7 61. Nb2 1/2-1/2

[Event "GCT Bucharest (blitz) 2019"]
[Site "Bucharest ROU"]
[Date "2019.11.10"]
[Round "13"]
[White "Aronian, Levon"]
[Black "Karjakin, Sergey"]
[Result "0-1"]
[WhiteElo "2772"]
[BlackElo "2754"]
[PlyCount "114"]
[EventDate "2019.11.09"]

1. e4 e5 2. Nf3 Nc6 3. Bc4 Bc5 4. c3 Nf6 5. d4 exd4 6. e5 d5 7. Bb5 Ne4 8. cxd4
Bb6 9. Nc3 O-O 10. Be3 Bg4 11. h3 Bh5 12. Qc2 Nxc3 13. bxc3 f6 14. exf6 Qxf6
15. Be2 Rae8 16. O-O h6 17. Rae1 Qd6 18. Bc1 Re6 19. Nh4 Bxe2 20. Rxe2 Rxe2 21.
Qxe2 Qf6 22. Nf3 Na5 23. Ba3 Rb8 24. Ne5 Re8 25. Qh5 Re6 26. f4 Nc4 27. Nxc4
dxc4 28. Qd5 Kh8 29. Bc1 Re2 30. Qxc4 Rc2 31. Be3 Qc6 32. Qxc6 bxc6 33. a4 Rxc3
34. Kf2 Rc4 35. Ra1 Rxd4 36. a5 Rxf4+ 37. Ke2 Bxe3 38. Kxe3 Rf5 39. Rc1 Rxa5
40. Rxc6 Re5+ 41. Kd4 Re2 42. g4 Rh2 43. Rxc7 Rxh3 44. g5 hxg5 45. Rxa7 Kh7 46.
Ra6 Rf3 47. Ke4 Rf6 48. Ra1 Kg6 49. Ke3 g4 50. Rg1 Kg5 51. Ke2 Kh4 52. Rh1+ Kg3
53. Rh7 g6 54. Rh6 Kg2 55. Rh4 g3 56. Rg4 Kh3 57. Rg5 g2 0-1

[Event "GCT Bucharest (blitz) 2019"]
[Site "Bucharest ROU"]
[Date "2019.11.10"]
[Round "13"]
[White "Le, Quang Liem"]
[Black "Anand, Viswanathan"]
[Result "1/2-1/2"]
[WhiteElo "2713"]
[BlackElo "2757"]
[PlyCount "85"]
[EventDate "2019.11.09"]

1. e4 e5 2. Nf3 Nc6 3. Bb5 Nf6 4. d3 Bc5 5. Bxc6 dxc6 6. O-O Nd7 7. c3 O-O 8.
d4 Bd6 9. Bg5 f6 10. Bh4 Qe8 11. Re1 b6 12. Nbd2 Qf7 13. Bg3 c5 14. dxe5 Nxe5
15. Nxe5 fxe5 16. Nf3 Re8 17. Ng5 Qg6 18. Qd5+ Be6 19. Nxe6 Qxe6 20. c4 Rad8
21. Rad1 Kf7 22. f3 a5 23. b3 Qxd5 24. exd5 a4 25. Re3 axb3 26. axb3 Ra8 27.
Rde1 h6 28. h4 Ra3 29. Kh2 Re7 30. h5 b5 31. Kh3 bxc4 32. bxc4 Rxe3 33. Rxe3
Re8 34. Re4 Kf6 35. Kg4 Ra8 36. Bh4+ Kf7 37. Bg3 Ra2 38. Kh3 Rc2 39. Bxe5 Bxe5
40. Rxe5 Rxc4 41. Re6 Rd4 42. Rc6 Rxd5 43. Rxc7+ 1/2-1/2

[Event "GCT Bucharest (blitz) 2019"]
[Site "Bucharest ROU"]
[Date "2019.11.10"]
[Round "13"]
[White "Korobov, Anton"]
[Black "Artemiev, Vladislav"]
[Result "0-1"]
[WhiteElo "2670"]
[BlackElo "2731"]
[PlyCount "42"]
[EventDate "2019.11.09"]

1. d4 Nf6 2. c4 g6 3. Nc3 d5 4. Bg5 Bg7 5. Bxf6 Bxf6 6. cxd5 c6 7. dxc6 Bxd4 8.
cxb7 Bxb7 9. Nf3 Bxc3+ 10. bxc3 Qc7 11. Qa4+ Nd7 12. Qa3 O-O 13. Rc1 Rad8 14.
Nd4 Nc5 15. e3 Qd6 16. Qa5 e5 17. Be2 Bxg2 18. Rg1 Be4 19. Rg5 h6 20. Rg3 exd4
21. exd4 Ne6 0-1

[Event "GCT Bucharest (blitz) 2019"]
[Site "Bucharest ROU"]
[Date "2019.11.10"]
[Round "13"]
[White "Mamedyarov, Shakhriyar"]
[Black "So, Wesley"]
[Result "1/2-1/2"]
[WhiteElo "2772"]
[BlackElo "2760"]
[PlyCount "60"]
[EventDate "2019.11.09"]

1. d4 Nf6 2. c4 e6 3. Nc3 Bb4 4. Qc2 O-O 5. e4 d5 6. e5 Ne4 7. Bd3 c5 8. Nf3
cxd4 9. Nxd4 Nd7 10. Bf4 Qh4 11. g3 Qh5 12. O-O g5 13. cxd5 Bxc3 14. bxc3 exd5
15. Be3 Nxe5 16. f3 Nxd3 17. Qxd3 Nd6 18. g4 Qg6 19. Qxg6+ hxg6 20. Bxg5 f6 21.
Bf4 Nc4 22. h4 Bd7 23. Kf2 Kf7 24. Rh1 Rac8 25. Rac1 Nb2 26. Rc2 Nd3+ 27. Ke3
Ne5 28. Kf2 Nd3+ 29. Ke3 Ne5 30. Kf2 Nd3+ 1/2-1/2

[Event "GCT Bucharest (blitz) 2019"]
[Site "Bucharest ROU"]
[Date "2019.11.10"]
[Round "14"]
[White "Giri, Anish"]
[Black "Mamedyarov, Shakhriyar"]
[Result "1/2-1/2"]
[WhiteElo "2776"]
[BlackElo "2772"]
[PlyCount "84"]
[EventDate "2019.11.09"]

1. e4 e5 2. Nf3 Nc6 3. Bb5 a6 4. Ba4 Nf6 5. O-O Bc5 6. c3 b5 7. Bc2 d5 8. d4
dxe4 9. Nxe5 Nxe5 10. dxc5 Nd3 11. Bxd3 Qxd3 12. Qxd3 exd3 13. Bg5 Be6 14. Bxf6
gxf6 15. Nd2 O-O-O 16. a4 Kb7 17. b4 c6 18. f3 Rd5 19. axb5 cxb5 20. Rfe1 Ra8
21. Re3 a5 22. bxa5 Rdd8 23. Kf2 Kc6 24. Re4 Kxc5 25. Rh4 Bd5 26. Ke3 f5 27.
Kxd3 Bxf3+ 28. Kc2 Bxg2 29. Rxh7 Rd7 30. Rh5 Rd5 31. Rh4 Re8 32. Nb3+ Kd6 33.
Nd4 b4 34. Rh6+ Kd7 35. Rf6 Rc8 36. Kb3 bxc3 37. Nxf5 Be4 38. Rxf7+ Ke6 39.
Re7+ Kxf5 40. Rf1+ Kg5 41. Rxe4 Rxa5 42. Rc4 Rxc4 1/2-1/2

[Event "GCT Bucharest (blitz) 2019"]
[Site "Bucharest ROU"]
[Date "2019.11.10"]
[Round "14"]
[White "So, Wesley"]
[Black "Korobov, Anton"]
[Result "1-0"]
[WhiteElo "2760"]
[BlackElo "2670"]
[PlyCount "81"]
[EventDate "2019.11.09"]

1. c4 e6 2. g3 d5 3. Bg2 d4 4. b4 Nf6 5. Nf3 Be7 6. Bb2 c5 7. O-O O-O 8. d3 a5
9. b5 Nbd7 10. e3 e5 11. a4 Rb8 12. Nbd2 b6 13. Nh4 Re8 14. Bc6 Bb7 15. Bxb7
Rxb7 16. e4 Bf8 17. Ng2 g6 18. f4 exf4 19. gxf4 Bg7 20. Qf3 Rb8 21. Rae1 Nh5
22. Kh1 Qc7 23. Bc1 Qb7 24. Nh4 Bh6 25. Nb3 Kh8 26. Bd2 f5 27. Nxf5 gxf5 28.
Qxh5 fxe4 29. Qxh6 Rbc8 30. Rg1 e3+ 31. Rg2 Rg8 32. Reg1 Rg6 33. Qh3 Nf6 34. f5
Rg5 35. Be1 Rcg8 36. Bg3 Ng4 37. Qh4 Rxf5 38. h3 Nf2+ 39. Kh2 Qf7 40. Be5+ Rxe5
41. Rxg8+ 1-0

[Event "GCT Bucharest (blitz) 2019"]
[Site "Bucharest ROU"]
[Date "2019.11.10"]
[Round "14"]
[White "Anand, Viswanathan"]
[Black "Aronian, Levon"]
[Result "1/2-1/2"]
[WhiteElo "2757"]
[BlackElo "2772"]
[PlyCount "29"]
[EventDate "2019.11.09"]

1. e4 e5 2. Nf3 Nc6 3. Bb5 Nf6 4. O-O Nxe4 5. Re1 Nd6 6. Nxe5 Be7 7. Bf1 Nxe5
8. Rxe5 O-O 9. d4 Bf6 10. Re1 Re8 11. Bf4 Rxe1 12. Qxe1 Ne8 13. c3 d5 14. Nd2
c6 15. Bd3 1/2-1/2

[Event "GCT Bucharest (blitz) 2019"]
[Site "Bucharest ROU"]
[Date "2019.11.10"]
[Round "14"]
[White "Artemiev, Vladislav"]
[Black "Le, Quang Liem"]
[Result "1/2-1/2"]
[WhiteElo "2731"]
[BlackElo "2713"]
[PlyCount "98"]
[EventDate "2019.11.09"]

1. c4 e5 2. d3 Nf6 3. Nf3 Nc6 4. a3 d5 5. cxd5 Nxd5 6. e3 a5 7. b3 Bd6 8. Bb2
O-O 9. Nbd2 Qe7 10. Be2 Bg4 11. Qc2 Kh8 12. h3 Bh5 13. g4 Bg6 14. h4 h6 15. h5
Bh7 16. Rg1 Rad8 17. g5 Qe6 18. Qc4 Be7 19. Ne4 Bf5 20. gxh6 gxh6 21. Nc5 Bxc5
22. Qxc5 Bh7 23. e4 Nf4 24. Nxe5 f6 25. Nxc6 bxc6 26. Rg3 Qxb3 27. Qe7 Qf7 28.
Qxf7 Rxf7 29. Rf3 Nxh5 30. Rc1 Rd6 31. Rc5 Bg6 32. Rxa5 Kh7 33. Rc5 Ng7 34. a4
Ne6 35. Rc1 f5 36. Be5 Nd4 37. Bxd6 Nxf3+ 38. Bxf3 cxd6 39. exf5 Bxf5 40. Rxc6
Bxd3 41. Bd5 Ra7 42. Bb3 d5 43. Kd2 Be4 44. Rd6 h5 45. Ke3 Re7 46. Kf4 Rf7+ 47.
Kg5 Rf5+ 48. Kh4 Rxf2 49. Bxd5 Bxd5 1/2-1/2

[Event "GCT Bucharest (blitz) 2019"]
[Site "Bucharest ROU"]
[Date "2019.11.10"]
[Round "14"]
[White "Karjakin, Sergey"]
[Black "Caruana, Fabiano"]
[Result "1-0"]
[WhiteElo "2754"]
[BlackElo "2822"]
[PlyCount "115"]
[EventDate "2019.11.09"]

1. e4 c5 2. Nf3 e6 3. g3 Nc6 4. Bg2 Nf6 5. d3 Be7 6. O-O O-O 7. Re1 e5 8. c3
Re8 9. a3 Bf8 10. b4 d6 11. b5 Ne7 12. c4 g6 13. Nc3 Bg7 14. a4 h6 15. a5 Be6
16. Nd2 Qd7 17. Nf1 Bh3 18. Bxh3 Qxh3 19. Qf3 Nh7 20. Ne3 Ng5 21. Qg2 Qh5 22.
g4 Qh4 23. Ned5 Nxd5 24. Bxg5 Qxg5 25. Nxd5 Rf8 26. a6 b6 27. Re3 Bf6 28. Qg3
Kg7 29. Rf1 Rae8 30. Kg2 Bd8 31. Rh1 h5 32. gxh5 Qxh5 33. Qh3 Bh4 34. Qd7 Rh8
35. h3 Qg5+ 36. Kf1 Qh5 37. Qxa7 Qd1+ 38. Kg2 Qd2 39. Rf1 Rh5 40. Rf3 Rg5+ 41.
Kh2 Rf8 42. Rg1 Qe2 43. Rxg5 Qxf3 44. Rg2 Bxf2 45. Qe7 Be3 46. Qxd6 Bf4+ 47.
Nxf4 Qxf4+ 48. Kg1 Rh8 49. Rf2 Qg3+ 50. Kf1 Rxh3 51. a7 Rh1+ 52. Ke2 Qg4+ 53.
Ke3 Re1+ 54. Kd2 Qd1+ 55. Kc3 Qa1+ 56. Rb2 Rc1+ 57. Kb3 Qa5 58. Qxe5+ 1-0

[Event "GCT Bucharest (blitz) 2019"]
[Site "Bucharest ROU"]
[Date "2019.11.10"]
[Round "15"]
[White "Le, Quang Liem"]
[Black "So, Wesley"]
[Result "0-1"]
[WhiteElo "2713"]
[BlackElo "2760"]
[PlyCount "92"]
[EventDate "2019.11.09"]

1. d4 Nf6 2. c4 e6 3. g3 d5 4. Bg2 dxc4 5. Nf3 c5 6. O-O Nc6 7. Ne5 Bd7 8. Na3
cxd4 9. Naxc4 Be7 10. Qb3 Qc7 11. Nxc6 Bxc6 12. Bf4 Qd8 13. Rfd1 Bxg2 14. Kxg2
Qd5+ 15. f3 b5 16. Na5 e5 17. Bg5 Qxb3 18. axb3 Nd5 19. e4 Nb4 20. Bd2 Kd7 21.
f4 f6 22. Kf3 Rhc8 23. Rdc1 Nd3 24. Rxc8 Rxc8 25. b4 Bxb4 26. Nb3 Bxd2 27. Nxd2
Rc7 28. fxe5 fxe5 29. b3 Nb4 30. Kg4 Ke6 31. Nf3 h6 32. Nh4 d3 33. Kf3 Rf7+ 34.
Kg2 a6 35. Nf5 h5 36. Ne3 d2 37. Rd1 Rd7 38. Nf1 a5 39. Rxd2 a4 40. bxa4 bxa4
41. Rb2 Rd4 42. Ne3 a3 43. Rb3 a2 44. Ra3 Rd3 45. Rxd3 Nxd3 46. Nc2 Ne1+ 0-1

[Event "GCT Bucharest (blitz) 2019"]
[Site "Bucharest ROU"]
[Date "2019.11.10"]
[Round "15"]
[White "Korobov, Anton"]
[Black "Giri, Anish"]
[Result "1/2-1/2"]
[WhiteElo "2670"]
[BlackElo "2776"]
[PlyCount "70"]
[EventDate "2019.11.09"]

1. d4 d5 2. c4 c6 3. cxd5 cxd5 4. Bf4 Nc6 5. e3 Nf6 6. Bd3 Bg4 7. Ne2 e6 8.
Nbc3 Be7 9. O-O O-O 10. Rc1 Rc8 11. Qb3 Na5 12. Qa4 Nc6 13. Ng3 Nh5 14. h3 Nxg3
15. Bxg3 Bh5 16. a3 a6 17. b4 Bg6 18. Be2 Qd7 19. Qb3 b5 20. Na2 Na7 21. Rc5
Bxc5 22. bxc5 Nc6 23. Nb4 Qb7 24. Nxc6 Qxc6 25. Ra1 Ra8 26. a4 bxa4 27. Rxa4 h6
28. Ra5 Ra7 29. Qb6 Qxb6 30. cxb6 Rb7 31. Bc7 Rc8 32. Rc5 Ra8 33. Ra5 Rc8 34.
Rc5 Ra8 35. Ra5 Rc8 1/2-1/2

[Event "GCT Bucharest (blitz) 2019"]
[Site "Bucharest ROU"]
[Date "2019.11.10"]
[Round "15"]
[White "Anand, Viswanathan"]
[Black "Karjakin, Sergey"]
[Result "1/2-1/2"]
[WhiteElo "2757"]
[BlackElo "2754"]
[PlyCount "29"]
[EventDate "2019.11.09"]

1. e4 e5 2. Nf3 Nc6 3. Bb5 Nf6 4. O-O Nxe4 5. Re1 Nd6 6. Nxe5 Be7 7. Bf1 Nxe5
8. Rxe5 O-O 9. d4 Bf6 10. Re1 Re8 11. Bf4 Rxe1 12. Qxe1 Ne8 13. c3 d5 14. Bd3
g6 15. Nd2 1/2-1/2

[Event "GCT Bucharest (blitz) 2019"]
[Site "Bucharest ROU"]
[Date "2019.11.10"]
[Round "15"]
[White "Aronian, Levon"]
[Black "Artemiev, Vladislav"]
[Result "0-1"]
[WhiteElo "2772"]
[BlackElo "2731"]
[PlyCount "60"]
[EventDate "2019.11.09"]

1. e4 c5 2. Nf3 d6 3. d4 cxd4 4. Nxd4 Nf6 5. Nc3 a6 6. f3 Qb6 7. Nb3 e6 8. Bf4
Nh5 9. Bg5 h6 10. Bh4 Nc6 11. Qd2 Qc7 12. a4 b6 13. g4 g5 14. Bg3 Nxg3 15. hxg3
Bb7 16. Be2 Bg7 17. Nd1 Ne7 18. c4 d5 19. cxd5 Qxg3+ 20. Nf2 exd5 21. Qb4 dxe4
22. Qxb6 Bd5 23. Nc5 e3 24. O-O-O Qxf2 25. Rxd5 Qxe2 26. Rd7 O-O 27. Rxe7 Rab8
28. Rb7 Rxb7 29. Nxb7 Rc8+ 30. Kb1 Rc2 0-1

[Event "GCT Bucharest (blitz) 2019"]
[Site "Bucharest ROU"]
[Date "2019.11.10"]
[Round "15"]
[White "Mamedyarov, Shakhriyar"]
[Black "Caruana, Fabiano"]
[Result "1-0"]
[WhiteElo "2772"]
[BlackElo "2822"]
[PlyCount "67"]
[EventDate "2019.11.09"]

1. d4 Nf6 2. c4 e6 3. Nc3 Bb4 4. Qc2 d6 5. e4 O-O 6. e5 Nfd7 7. Nf3 c5 8. exd6
cxd4 9. Nxd4 Bxd6 10. Be3 Qe7 11. O-O-O Na6 12. Kb1 Nf6 13. a3 Bd7 14. Be2 Be5
15. f4 Bc7 16. Rhe1 Rab8 17. Bf3 Rfd8 18. g4 Qf8 19. f5 Nc5 20. g5 Ne8 21. f6
Be5 22. h4 gxf6 23. gxf6 Bxf6 24. Qf2 Ba4 25. Nxa4 Nxa4 26. Rg1+ Kh8 27. Be4
Bg7 28. h5 h6 29. Rg2 Nc5 30. Bc2 Rd7 31. Rdg1 Rbd8 32. Rxg7 Nxg7 33. Qf6 Kg8
34. Bxh6 1-0

[Event "GCT Bucharest (blitz) 2019"]
[Site "Bucharest ROU"]
[Date "2019.11.10"]
[Round "16"]
[White "Giri, Anish"]
[Black "Le, Quang Liem"]
[Result "1-0"]
[WhiteElo "2776"]
[BlackElo "2713"]
[PlyCount "117"]
[EventDate "2019.11.09"]

1. e4 c5 2. Nf3 Nc6 3. Bb5 g6 4. O-O Bg7 5. c3 Nf6 6. Re1 O-O 7. d4 d5 8. e5
Ne4 9. Bxc6 bxc6 10. Be3 cxd4 11. cxd4 Qb6 12. Qc1 a5 13. Nc3 Nxc3 14. Qxc3 Bf5
15. Nd2 Rfb8 16. b3 a4 17. h3 Qa5 18. Qxa5 Rxa5 19. bxa4 Rxa4 20. Rec1 Rb6 21.
g4 Bd3 22. Rc3 Bb5 23. a3 Bxe5 24. dxe5 d4 25. Ne4 dxc3 26. Nxc3 Rba6 27. Nxa4
Rxa4 28. Bc5 Kf8 29. Rd1 Ke8 30. Bb4 Bc4 31. Kg2 Bd5+ 32. Kg3 Kd7 33. e6+ fxe6
34. Rc1 Ra8 35. f4 e5 36. fxe5 Rf8 37. Rc3 Rf1 38. Re3 Ke6 39. a4 Rb1 40. Ba3
g5 41. Rc3 Re1 42. a5 Re2 43. h4 h5 44. hxg5 Rg2+ 45. Kh4 Rxg4+ 46. Kxh5 Kf5
47. Bc1 Ra4 48. Ra3 Rc4 49. Be3 c5 50. a6 Rc2 51. Kh6 c4 52. a7 Ba8 53. Kg7 c3
54. Bd4 Kxg5 55. Kf7 Rd2 56. Be3+ Kf5 57. Bxd2 cxd2 58. Rd3 Kxe5 59. Kxe7 1-0

[Event "GCT Bucharest (blitz) 2019"]
[Site "Bucharest ROU"]
[Date "2019.11.10"]
[Round "16"]
[White "Karjakin, Sergey"]
[Black "Mamedyarov, Shakhriyar"]
[Result "1/2-1/2"]
[WhiteElo "2754"]
[BlackElo "2772"]
[PlyCount "105"]
[EventDate "2019.11.09"]

1. e4 e5 2. Nf3 Nc6 3. Nc3 Nf6 4. d4 exd4 5. Nxd4 Bc5 6. Be3 Bb4 7. Nxc6 bxc6
8. Bd3 O-O 9. O-O Re8 10. Bg5 h6 11. Bh4 g5 12. Bg3 d6 13. Re1 Rb8 14. e5 dxe5
15. Bxe5 Bg4 16. Qd2 Bd6 17. Bxd6 Qxd6 18. Rxe8+ Rxe8 19. Re1 Rxe1+ 20. Qxe1
Kg7 21. h3 Be6 22. b3 Nd5 23. Nxd5 cxd5 24. Qc3+ f6 25. b4 Bf7 26. Qd4 Qb6 27.
c3 a5 28. Qxb6 cxb6 29. a3 Be6 30. f4 Kf7 31. Kf2 Ke7 32. Ke3 Kd6 33. Bf1 Bd7
34. g3 Be6 35. h4 Bd7 36. Kd4 Be6 37. Bd3 Bd7 38. Bh7 Be6 39. Bg6 Bd7 40. Bf7
Bc6 41. Bg8 Bb7 42. b5 Ba8 43. Bf7 Bb7 44. Bg8 Ba8 45. Bf7 Bb7 46. hxg5 hxg5
47. f5 Ba8 48. Be6 Bb7 49. Bf7 Ba8 50. Bg8 Bb7 51. Bf7 Ba8 52. Be6 Bb7 53. Bf7
1/2-1/2

[Event "GCT Bucharest (blitz) 2019"]
[Site "Bucharest ROU"]
[Date "2019.11.10"]
[Round "16"]
[White "So, Wesley"]
[Black "Aronian, Levon"]
[Result "1-0"]
[WhiteElo "2760"]
[BlackElo "2772"]
[PlyCount "105"]
[EventDate "2019.11.09"]

1. d4 Nf6 2. g3 d5 3. Bg2 e6 4. Nf3 Be7 5. c4 O-O 6. O-O dxc4 7. Qc2 a6 8. a4
Bd7 9. Qxc4 Bc6 10. Bg5 Nbd7 11. Nc3 a5 12. Rfe1 Bd5 13. Qd3 Bxf3 14. Bxf3 c6
15. Red1 Nd5 16. Bd2 Nb4 17. Qb1 Qb6 18. e3 Rfd8 19. Na2 Nd5 20. Qc2 Nb4 21.
Nxb4 Bxb4 22. Bc3 g6 23. h4 h5 24. Kg2 Bf8 25. e4 Bg7 26. e5 Qc7 27. Be4 Nb6
28. Rd3 Nd5 29. Bd2 Qb6 30. Rd1 Rac8 31. Qb3 Qa7 32. Be1 Rd7 33. Bd2 Qa6 34.
Bc3 b5 35. Bd2 Nb6 36. Rc1 Nxa4 37. Qa2 Nb6 38. Qxa5 Qxa5 39. Bxa5 Nd5 40. Rb3
Rb7 41. Bxd5 exd5 42. Rbc3 Ra8 43. b4 Bh6 44. f4 Bf8 45. Rxc6 Kg7 46. Kf3 Rd7
47. Rc7 Ra7 48. Rxd7 Rxd7 49. Rc6 Be7 50. f5 gxf5 51. Kf4 Bd8 52. Rd6 Rxd6 53.
exd6 1-0

[Event "GCT Bucharest (blitz) 2019"]
[Site "Bucharest ROU"]
[Date "2019.11.10"]
[Round "16"]
[White "Artemiev, Vladislav"]
[Black "Anand, Viswanathan"]
[Result "1/2-1/2"]
[WhiteElo "2731"]
[BlackElo "2757"]
[PlyCount "56"]
[EventDate "2019.11.09"]

1. d4 Nf6 2. Bg5 d5 3. Nd2 e6 4. e3 Be7 5. Bd3 b6 6. c3 h6 7. Bh4 O-O 8. f4 Bb7
9. Ngf3 Ne4 10. Bxe7 Qxe7 11. Qc2 Nd6 12. Ne5 Ba6 13. Bxa6 Nxa6 14. Qd3 Nb8 15.
O-O Nd7 16. Rf3 Nf6 17. Rh3 Nfe4 18. Nxe4 Nxe4 19. Qe2 c5 20. Qg4 f5 21. Qe2
Rf6 22. a4 c4 23. Rf3 g5 24. fxg5 hxg5 25. g4 fxg4 26. Rxf6 Nxf6 27. Rf1 Qg7
28. Nxg4 Rf8 1/2-1/2

[Event "GCT Bucharest (blitz) 2019"]
[Site "Bucharest ROU"]
[Date "2019.11.10"]
[Round "16"]
[White "Caruana, Fabiano"]
[Black "Korobov, Anton"]
[Result "1-0"]
[WhiteElo "2822"]
[BlackElo "2670"]
[PlyCount "67"]
[EventDate "2019.11.09"]

1. e4 c5 2. Nf3 d6 3. d4 cxd4 4. Nxd4 Nf6 5. Nc3 a6 6. h3 Nc6 7. Be3 e5 8. Nb3
Be6 9. Qf3 Be7 10. O-O-O O-O 11. g4 b5 12. Kb1 Nd7 13. Nd5 Rb8 14. h4 a5 15. g5
a4 16. Nc1 a3 17. b3 Bxd5 18. exd5 Nd4 19. Bxd4 exd4 20. Bd3 Ne5 21. Qe4 g6 22.
f4 Qc7 23. Ne2 Ng4 24. Qxd4 Rfe8 25. f5 Ne5 26. f6 Bf8 27. h5 Nf3 28. Qb4 Nxg5
29. hxg6 fxg6 30. Rdg1 Nf3 31. Bxg6 hxg6 32. Rxg6+ Kf7 33. Qg4 Rxe2 34. Rg7+
1-0

[Event "GCT Bucharest (blitz) 2019"]
[Site "Bucharest ROU"]
[Date "2019.11.10"]
[Round "17"]
[White "Korobov, Anton"]
[Black "Mamedyarov, Shakhriyar"]
[Result "1-0"]
[WhiteElo "2670"]
[BlackElo "2772"]
[PlyCount "89"]
[EventDate "2019.11.09"]

1. d4 Nf6 2. c4 g6 3. Nc3 d5 4. Bg5 Ne4 5. Bh4 g5 6. Bg3 h5 7. cxd5 Nxc3 8.
bxc3 h4 9. Be5 f6 10. Qc2 Bg7 11. Nf3 O-O 12. e3 fxe5 13. Nxg5 Rf5 14. Ne6 Qxd5
15. Nxg7 Rg5 16. e4 Qa5 17. Nf5 Bxf5 18. exf5 exd4 19. Bc4+ Kg7 20. O-O Qxf5
21. Qe2 Nc6 22. Rab1 Rd8 23. cxd4 Rxd4 24. Rb5 e5 25. Rxb7 Rd7 26. Qe3 Nd4 27.
Rb8 Kh7 28. Bd3 Nf3+ 29. Qxf3 Rxd3 30. Qa8 Qf6 31. Qe4+ Qg6 32. Qxh4+ Qh5 33.
Qxh5+ Rxh5 34. Rc1 e4 35. h3 Rd7 36. Rb7 Ra5 37. Rcxc7 Rxc7 38. Rxc7+ Kg6 39.
Rc4 Kf5 40. Rc2 Rb5 41. g3 a5 42. a4 Rd5 43. Kg2 Ke5 44. h4 Kd4 45. Rd2+ 1-0

[Event "GCT Bucharest (blitz) 2019"]
[Site "Bucharest ROU"]
[Date "2019.11.10"]
[Round "17"]
[White "Artemiev, Vladislav"]
[Black "Karjakin, Sergey"]
[Result "1/2-1/2"]
[WhiteElo "2731"]
[BlackElo "2754"]
[PlyCount "30"]
[EventDate "2019.11.09"]

1. d4 Nf6 2. c4 e6 3. Nc3 Bb4 4. g3 O-O 5. Bg2 d5 6. Nf3 dxc4 7. O-O Nc6 8. Qa4
Bd7 9. Rd1 Bxc3 10. bxc3 Nxd4 11. Qxc4 Nxf3+ 12. Bxf3 Qc8 13. Bf4 Nd5 14. Bxd5
exd5 15. Qxc7 Qxc7 1/2-1/2

[Event "GCT Bucharest (blitz) 2019"]
[Site "Bucharest ROU"]
[Date "2019.11.10"]
[Round "17"]
[White "Aronian, Levon"]
[Black "Giri, Anish"]
[Result "1/2-1/2"]
[WhiteElo "2772"]
[BlackElo "2776"]
[PlyCount "25"]
[EventDate "2019.11.09"]

1. d4 Nf6 2. c4 e6 3. Nf3 d5 4. Nc3 Be7 5. Bf4 O-O 6. e3 Nbd7 7. a3 c5 8. cxd5
Nxd5 9. Nxd5 exd5 10. dxc5 Nxc5 11. Be5 Bf5 12. Be2 Bf6 13. Bd4 1/2-1/2

[Event "GCT Bucharest (blitz) 2019"]
[Site "Bucharest ROU"]
[Date "2019.11.10"]
[Round "17"]
[White "Anand, Viswanathan"]
[Black "So, Wesley"]
[Result "1/2-1/2"]
[WhiteElo "2757"]
[BlackElo "2760"]
[PlyCount "72"]
[EventDate "2019.11.09"]

1. e4 e5 2. Nf3 Nc6 3. Bb5 Nf6 4. d3 Bc5 5. Bxc6 dxc6 6. Nbd2 Nd7 7. Nc4 f6 8.
Qe2 Nf8 9. Be3 Bxe3 10. Nxe3 Ne6 11. O-O-O c5 12. g3 Nd4 13. Nxd4 cxd4 14. Ng2
Be6 15. Kb1 Qe7 16. f4 O-O-O 17. Nh4 g6 18. Nf3 Rd6 19. fxe5 fxe5 20. Nxe5
Bxa2+ 21. Kxa2 Qxe5 22. Ra1 Rf8 23. Rhf1 Ra6+ 24. Kb1 Rxf1+ 25. Qxf1 Rf6 26.
Qh3+ Kb8 27. Ra3 a5 28. Qd7 Rf1+ 29. Ka2 Rf2 30. Rb3 Rxc2 31. Rb5 Rc5 32. Rxc5
Qxc5 33. Qxh7 Ka7 34. Qxg6 Qb5 35. Qf7 Qa4+ 36. Kb1 Qd1+ 1/2-1/2